| 000 | 01460nam a22002777a 4500 | ||
|---|---|---|---|
| 005 | 20170124103122.0 | ||
| 010 | _aB-082052 | ||
| 020 |
_c00.00 _a8185701148 |
||
| 035 | _aB-082052 | ||
| 037 | _bCen Lib/Ret | ||
| 040 |
_aDPL _bHN |
||
| 082 |
_a330.954 _bकपूर |
||
| 100 |
_aकपूर, एस.के. _973 |
||
| 245 |
_aभारतीय अर्थव्यवस्था का विकास एवं प्रारंभिक सांख्यिकी / _cएस.के.कपूर [और] के.एस.राठी |
||
| 246 |
_aBhartiye arthvyavstha ka vikas ewam prarambhik sankhyiki / _bby S.K.Kapoor [aur] K.S.Rathi |
||
| 250 | _aद्वितीय संस्करण | ||
| 260 |
_bएस.के.पुब्लिशर्ज _aगुडगाँव _c2000 |
||
| 270 |
_a66010, कृष्णा कालोनी _bहरियाणा |
||
| 300 |
_a156पृ. _c20सेमी(सजिल्द) |
||
| 650 |
_aभारतीय अर्थव्यवस्था -- विकास _95069 |
||
| 650 |
_aभारतीय अर्थव्यवस्था -- वस्तुस्थिति और विकास संभाव्यता _982141 |
||
| 650 |
_aIndian Economy - Development _982142 |
||
| 650 |
_aIndian economy - the status and development potential _982143 |
||
| 700 |
_aराठी, के.एस. _973 |
||
| 942 |
_2ddc _cHN _h330.954 _mकपूर |
||
| 999 |
_c118841 _d118841 |
||